000 00678cab a2200217 4500
001 WB3036-02
008 090401t1994 xxu||||| |||| 00| 0 eng d
035 _a(Sirsi) u58067
041 _aeng
245 _aArchitects compete
260 _c1994
350 _a0
490 _aTimes
_v27 September 1994, 6(1)
520 _aA shortlist of international architects has been announced by the Tate Gallery in the contest to create a new gallery of modern art in the former Bankside power station.
650 _aARCHITECTURAL COMPETITIONS
650 _aBANKSIDE POWER STATION
650 _aTATE GALLERY
690 _aBUILT ENVIRONMENT
942 _n0
948 _c04/03/1997
999 _c35424
_d35424